<?xml version="1.0" encoding="UTF-8"?>
<record
    xmlns:xsi="http://www.w3.org/2001/XMLSchema-instance"
    xsi:schemaLocation="http://www.loc.gov/MARC21/slim http://www.loc.gov/standards/marcxml/schema/MARC21slim.xsd"
    xmlns="http://www.loc.gov/MARC21/slim">

  <leader>01590nam0a22003011  4500</leader>
  <controlfield tag="001">rc\2789286</controlfield>
  <controlfield tag="005">20260407113246.0</controlfield>
  <datafield tag="035" ind1=" " ind2=" ">
    <subfield code="a">(NLR Aleph) 006915425</subfield>
  </datafield>
  <datafield tag="090" ind1=" " ind2=" ">
    <subfield code="a">7391035</subfield>
    <subfield code="c">7391035</subfield>
  </datafield>
  <datafield tag="100" ind1=" " ind2=" ">
    <subfield code="a">20110915d1935    |||y0rusy50      ca</subfield>
  </datafield>
  <datafield tag="101" ind1="0" ind2=" ">
    <subfield code="a">rus</subfield>
  </datafield>
  <datafield tag="102" ind1=" " ind2=" ">
    <subfield code="a">RU</subfield>
  </datafield>
  <datafield tag="105" ind1=" " ind2=" ">
    <subfield code="a">ace z   |||||</subfield>
  </datafield>
  <datafield tag="200" ind1="1" ind2=" ">
    <subfield code="a">&#x41F;&#x430;&#x440;&#x43E;&#x432;&#x43E;&#x437;&#x44B; &#x424;&#x414;-&#x418;&#x421;</subfield>
    <subfield code="e">&#x423;&#x441;&#x442;&#x440;&#x43E;&#x439;&#x441;&#x442;&#x432;&#x43E; &#x438; &#x443;&#x445;&#x43E;&#x434;</subfield>
    <subfield code="f">&#x410;&#x432;&#x442;&#x43E;&#x440;&#x44B; &#x41A;&#x43E;&#x43B;&#x43B;&#x435;&#x43A;&#x442;&#x438;&#x432; &#x422;&#x435;&#x445;&#x431;&#x44E;&#x440;&#x43E; &#x41D;&#x41A;&#x412;&#x414; &#x438; &#x438;&#x43D;&#x436;-&#x440;&#x44B; &#x420;. &#x41F;. &#x413;&#x440;&#x438;&#x43D;&#x435;&#x43D;&#x43A;&#x43E;, &#x41F;. &#x41D;. &#x414;&#x43E;&#x433;&#x430;&#x434;&#x43A;&#x438;&#x43D;, &#x41F;. &#x418;. &#x422;&#x430;&#x445;&#x442;&#x430;&#x443;&#x43B;&#x43E;&#x432;</subfield>
    <subfield code="g">&#x41E;&#x442;&#x432;. &#x440;&#x435;&#x434;. &#x418;. &#x410;. &#x413;&#x440;&#x430;&#x447;</subfield>
  </datafield>
  <datafield tag="210" ind1=" " ind2=" ">
    <subfield code="a">&#x41C;&#x43E;&#x441;&#x43A;&#x432;&#x430;</subfield>
    <subfield code="c">&#x420;&#x435;&#x434;&#x431;&#x44E;&#x440;&#x43E; &#x41B;&#x43E;&#x43A;&#x43E;&#x43C;&#x43E;&#x442;&#x438;&#x432;&#x43E;&#x43F;&#x440;&#x43E;&#x435;&#x43A;&#x442;&#x430;</subfield>
    <subfield code="d">1935</subfield>
    <subfield code="e">&#x41B;&#x435;&#x43D;&#x438;&#x43D;&#x433;&#x440;&#x430;&#x434;</subfield>
    <subfield code="e">&#x41C;&#x43E;&#x441;&#x43A;&#x432;&#x430;</subfield>
    <subfield code="g">&#x442;&#x438;&#x43F;. "&#x41A;&#x43E;&#x43C;&#x438;&#x43D;&#x442;&#x435;&#x440;&#x43D;"</subfield>
    <subfield code="g">&#x442;&#x438;&#x43F;. &#x438;&#x43C;. &#x421;&#x442;&#x430;&#x43B;&#x438;&#x43D;&#x430;</subfield>
  </datafield>
  <datafield tag="215" ind1=" " ind2=" ">
    <subfield code="a">&#x41F;&#x435;&#x440;&#x435;&#x43F;&#x43B;&#x435;&#x442;, XV, 395 &#x441;., 4 &#x432;&#x43A;&#x43B;. &#x43B;. &#x43F;&#x43E;&#x440;&#x442;&#x440;., &#x447;&#x435;&#x440;&#x442;.</subfield>
    <subfield code="c">&#x438;&#x43B;.</subfield>
    <subfield code="d">25&#x445;19 &#x441;&#x43C;.</subfield>
  </datafield>
  <datafield tag="300" ind1=" " ind2=" ">
    <subfield code="a">&#x41D;&#x430; &#x43E;&#x431;&#x43E;&#x440;&#x43E;&#x442;&#x435; &#x442;&#x438;&#x442;. &#x43B;.: "&#x410;&#x432;&#x442;&#x43E;&#x440;&#x44B; &#x43A;&#x43E;&#x43B;&#x43B;&#x435;&#x43A;&#x442;&#x438;&#x432; &#x422;&#x435;&#x445;&#x431;&#x44E;&#x440;&#x43E; &#x41D;&#x41A;&#x412;&#x414; &#x438; &#x438;&#x43D;&#x436;-&#x440;&#x44B; &#x420;. &#x41F;. &#x413;&#x440;&#x438;&#x43D;&#x435;&#x43D;&#x43A;&#x43E;, &#x41F;. &#x41D;. &#x414;&#x43E;&#x433;&#x430;&#x434;&#x43A;&#x438;&#x43D; &#x438; &#x41F;. &#x418;. &#x422;&#x430;&#x445;&#x442;&#x430;&#x443;&#x43B;&#x43E;&#x432;"</subfield>
  </datafield>
  <datafield tag="300" ind1=" " ind2=" ">
    <subfield code="a">&#x41F;&#x435;&#x440;&#x435;&#x43F;&#x43B;&#x435;&#x442;: &#x41F;. &#x413;. &#x422;&#x430;&#x435;&#x436;&#x43D;&#x44B;&#x439;</subfield>
  </datafield>
  <datafield tag="702" ind1=" " ind2="1">
    <subfield code="a">&#x422;&#x430;&#x445;&#x442;&#x430;&#x443;&#x43B;&#x43E;&#x432;</subfield>
    <subfield code="b">&#x41F;.&#x418;.</subfield>
    <subfield code="4">570</subfield>
  </datafield>
  <datafield tag="702" ind1=" " ind2="1">
    <subfield code="a">&#x413;&#x440;&#x430;&#x447;</subfield>
    <subfield code="b">&#x418;.&#x410;.</subfield>
    <subfield code="g">&#x418;&#x437;&#x44F;&#x441;&#x43B;&#x430;&#x432; &#x410;&#x43B;&#x435;&#x43A;&#x441;&#x430;&#x43D;&#x434;&#x440;&#x43E;&#x432;&#x438;&#x447;</subfield>
    <subfield code="4">340</subfield>
  </datafield>
  <datafield tag="702" ind1=" " ind2="1">
    <subfield code="a">&#x414;&#x43E;&#x433;&#x430;&#x434;&#x43A;&#x438;&#x43D;</subfield>
    <subfield code="b">&#x41F;.&#x41D;.</subfield>
    <subfield code="4">570</subfield>
  </datafield>
  <datafield tag="702" ind1=" " ind2="1">
    <subfield code="a">&#x413;&#x440;&#x438;&#x43D;&#x435;&#x43D;&#x43A;&#x43E;</subfield>
    <subfield code="b">&#x420;.&#x41F;.</subfield>
    <subfield code="g">&#x420;&#x43E;&#x43C;&#x430;&#x43D; &#x41F;&#x435;&#x442;&#x440;&#x43E;&#x432;&#x438;&#x447;</subfield>
    <subfield code="4">570</subfield>
  </datafield>
  <datafield tag="712" ind1="0" ind2="1">
    <subfield code="a">&#x421;&#x421;&#x421;&#x420;</subfield>
    <subfield code="b">&#x41D;&#x430;&#x440;&#x43E;&#x434;&#x43D;&#x44B;&#x439; &#x43A;&#x43E;&#x43C;&#x438;&#x441;&#x441;&#x430;&#x440;&#x438;&#x430;&#x442; &#x432;&#x43D;&#x443;&#x442;&#x440;&#x435;&#x43D;&#x43D;&#x438;&#x445; &#x434;&#x435;&#x43B;</subfield>
    <subfield code="3">RU\NLR\AUTH\889942802</subfield>
    <subfield code="9">380627</subfield>
  </datafield>
  <datafield tag="801" ind1=" " ind2="0">
    <subfield code="a">RU</subfield>
    <subfield code="b">NLR</subfield>
    <subfield code="g">psbo</subfield>
  </datafield>
  <datafield tag="801" ind1=" " ind2="1">
    <subfield code="a">RU</subfield>
    <subfield code="b">ELAR</subfield>
    <subfield code="2">rusmarc</subfield>
  </datafield>
  <datafield tag="852" ind1=" " ind2=" ">
    <subfield code="a">NLR</subfield>
    <subfield code="j">35-5/365</subfield>
  </datafield>
  <datafield tag="942" ind1=" " ind2=" ">
    <subfield code="c">BOOK</subfield>
  </datafield>
  <datafield tag="980" ind1=" " ind2=" ">
    <subfield code="a">NB</subfield>
  </datafield>
  <datafield tag="995" ind1=" " ind2=" ">
    <subfield code="5">2013-10-26</subfield>
    <subfield code="b">NLR02</subfield>
    <subfield code="c">NLR02</subfield>
    <subfield code="e">RFS</subfield>
    <subfield code="f">6915425-10</subfield>
    <subfield code="k">35-5/365</subfield>
    <subfield code="o">0</subfield>
    <subfield code="r">BOOK</subfield>
    <subfield code="s">355365_</subfield>
  </datafield>
</record>
